| 000 -LEADER |
| fixed length control field |
00512cam a22001457a 4500 |
| 008 - FIXED-LENGTH DATA ELEMENTS--GENERAL INFORMATION |
| fixed length control field |
180718b1960 xxu||||| |||| 00| 0 eng d |
| 082 ## - DEWEY DECIMAL CLASSIFICATION NUMBER |
| Classification number |
T19x5442 D63 |
| 100 ## - MAIN ENTRY--PERSONAL NAME |
| Personal name |
Diskalkar, P.D. |
| 245 ## - TITLE STATEMENT |
| Title |
Resurvey of a Deccan village-Pimple Saudagar |
| Statement of responsibility, etc. |
by P.D. Diskalkar |
| 260 ## - PUBLICATION, DISTRIBUTION, ETC. |
| Place of publication, distribution, etc. |
Bombay |
| Name of publisher, distributor, etc. |
Indian Soc. of Agri. Econ. |
| Date of publication, distribution, etc. |
1960 |
| 300 ## - PHYSICAL DESCRIPTION |
| Extent |
162p. |
| 500 ## - GENERAL NOTE |
| General note |
Rs.7.00; First survey Harold H. Mann's Land and labour in a Decann village, pub.1917 |
| 650 ## - SUBJECT ADDED ENTRY--TOPICAL TERM |
| Topical term or geographic name entry element |
Deccan (India) - Econ. Conditions |
| 650 ## - SUBJECT ADDED ENTRY--TOPICAL TERM |
| Topical term or geographic name entry element |
Pimple Saudagar |